000 00443nam a22001577a 4500
003 OSt
008 250827b |||||||| |||| 00| 0 eng d
041 _aeng
082 _a923.7
_bDEE/NT
100 _aDeepa Padmakumar
_97791
245 _aNte Ramapuram school /
_bന്റെ രാമപുരം സ്കൂള്‍
260 _aThiruvananthapuram :
_bEvergreen Books,
_c2021.
300 _a66 p.
650 _aMemoir
_97792
942 _cBK
999 _c19481
_d19481